Traite de psychologie rationnelle d'apres les principes du criticisme /

Bibliographic Details
Main Author: Renouvier, Charles, 1815-1903
Format: Book
Language:French
Published: Paris : Bureau de la Critique Philosophique, 1875.
Edition:2e ed.
Series:Essais de critique generale ; 2.
Subjects:

MARC

Tag First Indicator Second Indicator Subfields
LEADER 00000cam a2200000 a 4500
001 in00000090988
005 20151008063843.0
008 790419s1875 fr 00010 fre d
035 |a (OCoLC)04872639 
035 |9 AAK3055AM 
040 |a YGM  |c YGM  |d m.c.  |d TXA  |d UtOrBLW 
049 |a TXAM  |v 1 [1655066]  |v 2 [1655067]  |v 3 [1655068] 
090 |a B2358  |b .P9 1875 
100 1 |a Renouvier, Charles,  |d 1815-1903. 
245 1 0 |a Traite de psychologie rationnelle d'apres les principes du criticisme /  |c par Ch. Renouvier. 
250 |a 2e ed.  |b revue et considerablement augmentee. 
264 1 |a Paris :  |b Bureau de la Critique Philosophique,  |c 1875. 
300 |a 3 volumes ;  |c 19 cm. 
336 |a text  |b txt  |2 rdacontent 
337 |a unmediated  |b n  |2 rdamedia 
338 |a volume  |b nc  |2 rdacarrier 
490 1 |a Essais de critique generale ;  |v 2 
650 0 |a Psychology. 
650 0 |a Ethics. 
650 0 |a Reasoning (Psychology) 
830 0 |a Essais de critique generale ;  |v 2. 
999 |a MARS 
999 f f |s a94e9340-992b-3be3-a6da-2d79bb3f2e30  |i 58d02673-b292-3fee-9326-9cba5fa041ae  |t 0 
952 f f |p ric  |a Texas A&M University  |b Rellis Campus  |c Joint Library Facility  |d Remote Storage  |t 0  |e B2358 .P9 1875  |h Library of Congress classification  |i unmediated -- volume  |k t.1  |m A14806081815 
952 f f |p ric  |a Texas A&M University  |b Rellis Campus  |c Joint Library Facility  |d Remote Storage  |t 0  |e B2358 .P9 1875  |h Library of Congress classification  |i unmediated -- volume  |k t.2  |m A14806081823 
952 f f |p ric  |a Texas A&M University  |b Rellis Campus  |c Joint Library Facility  |d Remote Storage  |t 0  |e B2358 .P9 1875  |h Library of Congress classification  |i unmediated -- volume  |k t.3  |m A14806081831 
998 f f |a B2358 .P9 1875  |s t.1-t.3  |t 0  |l Remote Storage